| 000 | 00800cam a2200241 a 4500 | ||
|---|---|---|---|
| 020 | _a0072824166 (annotated instructor's ed. : softcover : alk. paper) | ||
| 020 | _a9780072824162 (annotated instructor's ed. : softcover : alk. paper) | ||
| 020 | _a0072824131 (softcover : alk. paper) | ||
| 020 | _a9780072824131 (softcover : alk. paper) | ||
| 040 | _cDLC | ||
| 082 | _a301 HIL 2004 A016 Or. | ||
| 100 | 1 | _aSchaefer, Richard T. | |
| 245 | 1 | 0 |
_aSociology : _ba brief introduction / |
| 250 | _a5th ed. | ||
| 260 |
_aBoston : _bMcGraw-Hill, _cc2004. |
||
| 300 |
_axxxiii, 493 p. : _bcol. ill. ; _c27 cm. |
||
| 500 | _aGift from Michael Roberts. | ||
| 500 | _a"Annotated instructor's edition." | ||
| 650 | 0 | _aSociology. | |
| 650 | 4 | _aSociolog©Ưa. | |
| 650 | 4 | _aEstados Unidos | |
| 942 | _cEK | ||
| 999 |
_c11654 _d11654 |
||